000
00331nam a2200133Ia 4500
008
240624s9999 xx 000 0 und d
041
_a
eng
082
_a
005.133 EVE
100
_a
EVERITT BRIAN
245
_a
INTRODUCTION TO APPLIED MULTIVARIATE ANA
260
_c
2011
_a
London
_b
Springer
300
_a
274 : p.
365
_c
ERU
_b
30
999
_c
26590
_d
26590